| 000 | 00730nam a2200229 a 4500 | ||
|---|---|---|---|
| 001 | BRCA_6929 | ||
| 005 | 20190320205638.0 | ||
| 008 | 161111s1948----u--b######---#000-0#eng-# | ||
| 041 | _aeng | ||
| 044 | _au | ||
| 050 | 4 |
_aD743 _b.Ch87 _c1948 |
|
| 100 | 1 |
_aChurchill, Winston _d1874-1965 _917267 |
|
| 245 | 1 | 0 |
_aThe gathering storm _cWinston S. Churchill. |
| 260 |
_aBoston _bPublished in association with the Cooperation Publishing Company [by] Houghton Mifflin _cc1948 |
||
| 300 |
_axvi, 784 p. _bil., mapas _c23 cm. |
||
| 440 | 0 |
_aThe Second World War _v1 _917268 |
|
| 500 | _aO148 | ||
| 650 | 1 | 4 |
_aGuerra Mundial _y1939-1945 _97638 |
| 650 | 1 | 4 |
_aGuerra Mundial _y1939-1945 _zGran BretaƱa _917269 |
| 902 | _aGFM | ||
| 942 |
_2lcc _cB |
||
| 999 |
_c6611 _d6611 |
||